书目信息 |
| 题名: |
劳动经济学
|
|
| 作者: | 摩尔根 编著 ;杨炳章 译 | |
| 分册: | ||
| 出版信息: | 北京 工人出版社 1984 |
|
| 页数: | 710页 | |
| 开本: | 20cm | |
| 丛书名: | ||
| 单 册: | ||
| 中图分类: | F240 | |
| 科图分类: | ||
| 主题词: | 劳动经济学 | |
| 电子资源: | ||
| ISBN: | ||
| 000 | 00672nam0 2200253 45 | |
| 001 | 0184001394 | |
| 005 | 20040428150007.1 | |
| 010 | @dCNY2.30 | |
| 091 | @a4007.8 | |
| 100 | @a19951012d1984 em y0chiy0121 ea | |
| 101 | 1 | @achi@ceng |
| 102 | @aCN@b110000 | |
| 105 | @ay z 000yy | |
| 106 | @ar | |
| 200 | 10 | @a劳动经济学@Alao dong jing ji xue@f(美)摩尔根编著@g杨炳章等译 |
| 210 | @a北京@c工人出版社@d1984 | |
| 215 | @a710页@d20cm | |
| 606 | @a劳动经济学 | |
| 690 | @aF240@v3 | |
| 701 | 1 | @a摩尔根@4编著@Ama er gen |
| 702 | 0 | @a杨炳章@4译@Ayang bing zhang |
| 801 | 0 | @aCN@b深圳图书馆@c20040428 |
| 801 | 2 | @aCN@bNLC@c20040428 |
| 905 | @f2@b130888-889@dF240@e13 | |
| 劳动经济学/(美)摩尔根编著/杨炳章等译.-北京:工人出版社,1984 |
| 710页;20cm |
| ISBN :CNY2.30 |
| ● |
| 相关链接 |
|
|
|
|
正题名:劳动经济学
索取号:F240/13
 
预约/预借
| 序号 | 登录号 | 条形码 | 馆藏地/架位号 | 状态 | 备注 |
| 1 | 0130888 | 000209303 | 第一借阅区/ [索取号:F240/13] | 在馆 | |
| 2 | 0130889 | 000209731 | 密集书库/ [索取号:F240/13] | 在馆 | |
| 3 | 0130890 | 000209349 | 第一样本阅览室/ [索取号:F240/13] | 在馆 |